Expulsiones: brutalidad y complejidad en la economía global

Uloženo v:
Podrobná bibliografie
Hlavní autor: Sassen, Saskia (Autor)
Médium: Kniha
Jazyk:španělština
Vydáno: Buenos Aires Katz Editores 2015
Vydání:1a. ed
Edice:Conocimiento
Témata:
Tagy: Přidat tag
Žádné tagy, Buďte první, kdo vytvoří štítek k tomuto záznamu!

MARC

LEADER 00000cam a2200000 a 4500
001 UCC3257
003 CL-VaPUC
008 180427e20150000ag |||||||||||||||||spa|d
020 |a 9789871566952 
082 0 4 |a 330  |b SAS  |2 21 
100 0 |a Sassen, Saskia  |e author  |9 597256 
245 1 0 |a Expulsiones: brutalidad y complejidad en la economía global 
250 |a 1a. ed 
300 |a 294 p 
942 |c BK 
945 |d 20180427 13:12:00  |a dcastane 
260 |a Buenos Aires  |b Katz Editores  |c 2015 
650 7 |a ECONOMIA GLOBAL  |2 CL-VaPUC  |9 407077 
650 0 |a Aspectos sociales  |9 254894 
650 0 |a Desarrollo económico y social   |9 256320 
650 0 |a Capitalismo  |9 255255 
650 0 |a Igualdad  |9 258477 
583 |a last modification  |c 20180427 13:12:00  |k Rodrigo Vera 
490 0 |a Conocimiento 
999 |c 371026  |d 371024 
952 |0 0  |1 0  |3 erb  |4 0  |6 330_000000000000000_SAS_2015  |7 0  |8 A  |9 487873  |a BIBING  |b BIBING  |i 5467500  |o 330 SAS 2015  |p 5467500  |r 2025-01-20  |w 2019-11-24  |y BK  |z Catalogado en:20180427  |k GEO